[Event "Sparkassen-Open B"]
[Site "Heusenstamm, Martinsee"]
[Date "2018.11.22"]
[Round "1.1"]
[White "Kirchmann, Sascha"]
[Black "Laznik, Zeljko"]
[Result "1-0"]
[WhiteElo "1774"]
[BlackElo "1523"]
[PlyCount "71"]
[EventDate "2018.??.??"]
[WhiteTeam "SC Obertshausen"]
[BlackTeam "SF Heusenstamm"]

1. e4 e5 2. Nf3 Nc6 3. Bb5 h6 4. O-O d6 5. h3 Bd7 6. c3 a6 7. Ba4 Qf6 8. d4
O-O-O 9. d5 Nb8 10. Bxd7+ Nxd7 11. Nh2 h5 12. f4 Qh4 13. Nf3 Qe7 14. f5 g6 15.
fxg6 fxg6 16. Ng5 Bh6 17. Nf7 Ngf6 18. Nxh6 Rdf8 19. Bg5 Qg7 20. Nd2 Nh7 21. h4
Nxg5 22. hxg5 Rxf1+ 23. Qxf1 Rf8 24. Qe2 Qe7 25. Qe3 Rf4 26. Nf3 Nc5 27. Ng8
Qf8 28. Nf6 h4 29. Rf1 b6 30. Nd2 Rxf1+ 31. Nxf1 Kd8 32. Qh3 Qh8 33. b4 Qg7 34.
bxc5 bxc5 35. Qe6 Qe7 36. Qg8+ 1-0

[Event "Sparkassen-Open B"]
[Site "Heusenstamm, Martinsee"]
[Date "2018.11.22"]
[Round "1.2"]
[White "Bosse, Christian"]
[Black "Illenberger, Dirk"]
[Result "0-1"]
[WhiteElo "1520"]
[BlackElo "1704"]
[PlyCount "54"]
[EventDate "2018.??.??"]
[WhiteTeam "SF Nordost Berlin"]
[BlackTeam "Berkershm"]

1. c4 e5 2. g3 Nc6 3. Bg2 f5 4. e3 Nf6 5. f4 e4 6. a3 d5 7. cxd5 Qxd5 8. Nc3
Qd3 9. Bf1 Qd8 10. Nge2 Be6 11. Bh3 Qd7 12. Nb5 g6 13. Qa4 Bg7 14. Nbd4 Nxd4
15. Qxd7+ Bxd7 16. Nxd4 c5 17. Ne2 O-O-O 18. Nc3 Be6 19. O-O Bb3 20. Rf2 h5 21.
Rg2 Kb8 22. a4 Nd5 23. a5 Nb4 24. Ra3 c4 25. Ra1 Nc2 26. Rb1 Rd6 27. Rf2 Ra6
0-1

[Event "Sparkassen-Open B"]
[Site "Heusenstamm, Martinsee"]
[Date "2018.11.22"]
[Round "1.3"]
[White "Wohlrabe, Jörg"]
[Black "Gräf, Jakob"]
[Result "0-1"]
[WhiteElo "1772"]
[BlackElo "1520"]
[PlyCount "76"]
[EventDate "2018.??.??"]
[WhiteTeam "SV Gifhorn"]
[BlackTeam "SV Frankfurt Nord"]

1. e4 c6 2. d4 d5 3. exd5 cxd5 4. Nf3 Nc6 5. Be2 Nf6 6. O-O Bf5 7. c3 e6 8. Qb3
Rb8 9. Bb5 Bd6 10. Qa4 Qb6 11. Bxc6+ bxc6 12. b4 O-O 13. Nbd2 Qc7 14. h3 Rb6
15. Re1 Bd3 16. Qd1 Ra6 17. a4 Rb6 18. Nb3 Bc4 19. Nfd2 Bxb3 20. Nxb3 Ne4 21.
Qc2 Nxf2 22. Qxf2 Bg3 23. Qe2 Bxe1 24. Qxe1 Rbb8 25. Nc5 Rbe8 26. Nd3 f6 27.
Ba3 Rf7 28. Qd2 e5 29. dxe5 fxe5 30. Re1 e4 31. Qe3 Re6 32. Nf2 Ref6 33. Re2
Rg6 34. Bb2 Rf3 35. Qd4 Qg3 36. Ng4 Rd3 37. Qf2 Rd1+ 38. Re1 Rxe1+ 0-1

[Event "Sparkassen-Open B"]
[Site "Heusenstamm, Martinsee"]
[Date "2018.11.22"]
[Round "1.4"]
[White "Kremenetskiy, Igor"]
[Black "Lasschuit, Rene"]
[Result "0-1"]
[WhiteElo "1520"]
[BlackElo "1738"]
[PlyCount "32"]
[EventDate "2018.??.??"]
[WhiteTeam "SF Heusenstamm"]
[BlackTeam "SV Berolina Mitte"]

1. e4 c5 2. Nf3 e6 3. Bc4 d5 4. exd5 exd5 5. Be2 Nf6 6. O-O Nc6 7. d4 Bd6 8.
Nc3 O-O 9. Bg5 Be6 10. a3 c4 11. h3 Be7 12. Nh2 Qb6 13. Qd2 Nxd4 14. Nd1 Ne4
15. Qe3 Bxg5 16. f4 Nxe2+ 0-1

[Event "Sparkassen-Open B"]
[Site "Heusenstamm, Martinsee"]
[Date "2018.11.22"]
[Round "1.5"]
[White "Draxler, Gottfried"]
[Black "Hahnenstein, Leon"]
[Result "1-0"]
[WhiteElo "1767"]
[BlackElo "1505"]
[PlyCount "68"]
[EventDate "2018.??.??"]
[WhiteTeam "SF Neuberg"]
[BlackTeam "SC Herborn"]

1. c4 e5 2. g3 Nc6 3. Bg2 Bc5 4. a3 a6 5. Nc3 Nf6 6. e3 O-O 7. Nge2 d6 8. O-O
Bg4 9. Qc2 Rb8 10. b4 Bb6 11. Bb2 Qd7 12. Rfe1 Nd8 13. Nd5 Nxd5 14. cxd5 c6 15.
Qa4 Ba7 16. Rac1 Rc8 17. dxc6 Nxc6 18. Nc3 Bf5 19. b5 Nd8 20. Qb4 Bd3 21. a4
Bc5 22. Qb3 e4 23. Nxe4 Bxe4 24. Bxe4 Re8 25. Bd5 Ne6 26. d4 Ba7 27. b6 Bb8 28.
Rxc8 Rxc8 29. Rc1 Re8 30. a5 Nf8 31. Ba3 Ng6 32. Rc3 Ne7 33. Bxf7+ Kh8 34. Bxe8
Qxe8 1-0

[Event "Sparkassen-Open B"]
[Site "Heusenstamm, Martinsee"]
[Date "2018.11.22"]
[Round "1.6"]
[White "Bayer, Melissa"]
[Black "Füssel, Jan Michael"]
[Result "0-1"]
[WhiteElo "1497"]
[BlackElo "1766"]
[PlyCount "62"]
[EventDate "2018.??.??"]
[WhiteTeam "SC Heusenstamm"]
[BlackTeam "VSG Offenbach"]

1. e4 c5 2. Nf3 Nc6 3. Bc4 g6 4. c3 Bg7 5. d4 cxd4 6. cxd4 d6 7. Nc3 Nf6 8. O-O
O-O 9. Bf4 Bg4 10. Be3 Rc8 11. h3 Bxf3 12. Qxf3 Nxd4 13. Bxd4 Rxc4 14. Bxa7 Qa5
15. Qe3 Ra8 16. Bb6 Qb4 17. Rab1 Rc6 18. Bd4 e5 19. Nd5 Nxd5 20. exd5 exd4 21.
Qe7 Rc2 22. a3 Qb6 23. Rfd1 Rac8 24. b4 Qc7 25. Qe4 b5 26. Qd3 Qc4 27. Qe4 Qe2
28. Re1 Qxe4 29. Rxe4 Rc1+ 30. Rxc1 Rxc1+ 31. Kh2 Kf8 0-1

[Event "Sparkassen-Open B"]
[Site "Heusenstamm, Martinsee"]
[Date "2018.11.22"]
[Round "1.7"]
[White "Bengsch, Norbert"]
[Black "El-Lawindy, Asem"]
[Result "1-0"]
[WhiteElo "1763"]
[BlackElo "1501"]
[PlyCount "143"]
[EventDate "2018.??.??"]
[WhiteTeam "SG Donautal Tuttlingen"]
[BlackTeam "VSG Offenbach"]

1. b3 e5 2. Bb2 Nc6 3. e3 a6 4. c4 Bc5 5. Nf3 d6 6. d4 exd4 7. exd4 Bb4+ 8. Nc3
Nf6 9. Be2 Ne4 10. Rc1 Nxc3 11. Bxc3 Bxc3+ 12. Rxc3 O-O 13. O-O Bg4 14. h3 Bh5
15. d5 Bxf3 16. Bxf3 Ne5 17. Be4 f5 18. Bc2 f4 19. f3 Qf6 20. Qd2 Rad8 21. Be4
Nd7 22. b4 a5 23. bxa5 Nc5 24. Re1 Ra8 25. Rcc1 Rae8 26. Qf2 Rxe4 27. Rxe4 Nd3
28. Qc2 Nxc1 29. Qxc1 Ra8 30. Rxf4 Qg6 31. Re4 h6 32. Qe1 Kh7 33. Re7 Rf8 34.
Qe4 Qxe4 35. fxe4 Rc8 36. Kf2 Kg6 37. Ke3 Kf6 38. Re6+ Kg5 39. g3 h5 40. h4+
Kg4 41. Rg6+ Kh3 42. Rxg7 Kg2 43. g4 hxg4 44. Rxg4+ Kh3 45. Rf4 Kg3 46. h5 c6
47. h6 cxd5 48. exd5 Rc7 49. Re4 Rd7 50. Kd4 Kf3 51. Rh4 Rh7 52. c5 Kg3 53. Rh1
dxc5+ 54. Kxc5 Kf4 55. a6 bxa6 56. Kc6 Ke5 57. Re1+ Kf6 58. Re6+ Kf7 59. Kb6 a5
60. Kxa5 Kf8 61. Kb6 Kf7 62. a4 Kf8 63. a5 Rd7 64. Kc6 Ra7 65. Kb5 Kg8 66. Kb6
Rd7 67. Kc5 Ra7 68. a6 Kf7 69. Rb6 Rc7+ 70. Kd6 Rc8 71. Rb7+ Kg8 72. a7 1-0

[Event "Sparkassen-Open B"]
[Site "Heusenstamm, Martinsee"]
[Date "2018.11.22"]
[Round "1.9"]
[White "Bigott, Martin"]
[Black "Buchholz, Maja"]
[Result "1-0"]
[WhiteElo "1752"]
[BlackElo "1327"]
[PlyCount "121"]
[EventDate "2018.??.??"]
[WhiteTeam "SF Lohmar"]
[BlackTeam "SK Langen"]

1. Nf3 c5 2. c3 Nf6 3. d4 cxd4 4. cxd4 g6 5. d5 d6 6. Nc3 Bg7 7. e4 O-O 8. Bd3
Nbd7 9. O-O Nc5 10. Bc2 Rb8 11. Bd2 b5 12. b4 Ncd7 13. Nd4 Bb7 14. Ncxb5 a6 15.
Na7 Qc7 16. Nac6 Rbe8 17. Rc1 Bxc6 18. Nxc6 Nb8 19. Bd3 Qb7 20. Qe2 Nfd7 21.
Rc2 Ne5 22. Nxb8 Nxd3 23. Qxd3 Rxb8 24. Rc6 Ra8 25. a4 Rfc8 26. Rfc1 Bf6 27.
Qc4 Rd8 28. Rc7 Qb8 29. Qc6 Ra7 30. Rxa7 Qxa7 31. Be3 Qb8 32. b5 axb5 33. axb5
Qa8 34. b6 Kg7 35. Qxa8 Rxa8 36. b7 Rb8 37. Rb1 e6 38. Ba7 Rd8 39. Rc1 exd5 40.
Rc8 Rxc8 41. bxc8=Q dxe4 42. Qc4 Be5 43. Qxe4 f5 44. Qd5 Kf8 45. Bb8 Ke7 46.
Qg8 Kf6 47. Qxh7 f4 48. Qd7 g5 49. Bxd6 Bc3 50. Be7+ Ke5 51. Bxg5 Bd4 52. Bxf4+
Kxf4 53. Qxd4+ Kf5 54. h4 Ke6 55. g4 Ke7 56. Qb6 Kf7 57. h5 Kg7 58. Qe6 Kh7 59.
h6 Kh8 60. Qe7 Kg8 61. Qg7# 1-0

[Event "Sparkassen-Open B"]
[Site "Heusenstamm, Martinsee"]
[Date "2018.11.22"]
[Round "1.10"]
[White "Moldenhauer, Lennart"]
[Black "Tojcic, Josip"]
[Result "0-1"]
[WhiteElo "1488"]
[BlackElo "1751"]
[PlyCount "100"]
[EventDate "2018.??.??"]
[WhiteTeam "SV Oberursel"]
[BlackTeam "Niederräder TG"]

1. e4 c6 2. d4 d5 3. Nd2 g6 4. Ngf3 Bg4 5. c3 Bg7 6. h3 dxe4 7. Nxe4 Bxf3 8.
Qxf3 Nf6 9. Bf4 Nbd7 10. Bc4 Nxe4 11. Qxe4 Nf6 12. Qc2 O-O 13. O-O e6 14. Qb3
Qb6 15. Qxb6 axb6 16. a4 Nd5 17. Bxd5 exd5 18. Rfe1 Bf6 19. b3 Kg7 20. Bc7 Ra6
21. a5 bxa5 22. Rxa5 Rfa8 23. Rea1 Rxa5 24. Rxa5 Rxa5 25. Bxa5 Be7 26. Kf1 Kf6
27. Ke2 Ke6 28. Kd3 b5 29. c4 bxc4+ 30. bxc4 Bh4 31. cxd5+ Kxd5 32. g3 Bf6 33.
Bc3 Bd8 34. Bd2 Bb6 35. Be3 h5 36. g4 f5 37. gxf5 gxf5 38. f4 Ba7 39. Bf2 Bb8
40. Be3 Bd6 41. Bd2 Ba3 42. Be3 Bb2 43. Bg1 Bc1 44. Bh2 h4 45. Kc3 Ke4 46. Kc4
Ba3 47. Kb3 Bd6 48. Kc4 Bxf4 49. Bxf4 Kxf4 50. Kc5 Ke4 0-1

[Event "Sparkassen-Open B"]
[Site "Heusenstamm, Martinsee"]
[Date "2018.11.22"]
[Round "1.11"]
[White "Becker, Ralph"]
[Black "Hölß, Silas"]
[Result "1/2-1/2"]
[WhiteElo "1745"]
[BlackElo "1483"]
[Annotator "Schloessner,Henrik"]
[PlyCount "86"]
[EventDate "2018.??.??"]
[WhiteTeam "SC Paimar"]
[BlackTeam "SSG Hungen-Lich"]

1. Nf3 f5 2. c4 Nf6 3. d3 g6 4. Nc3 Bg7 5. g3 O-O 6. Bg2 d6 7. O-O e5 8. e3 Na6
9. a3 c6 10. Rb1 e4 11. Ne1 Nc5 12. d4 Ne6 13. b4 d5 14. c5 b6 15. Nc2 Ba6 16.
Re1 Bd3 17. Na4 bxc5 18. bxc5 Qa5 19. Rb4 Rab8 20. Bd2 Rxb4 21. Nxb4 Bb5 22.
Nc3 Qxa3 23. Nxb5 cxb5 24. Qa1 Qxa1 25. Rxa1 Ra8 26. Na6 Ne8 27. Ba5 Rc8 28.
Rb1 N8c7 29. Nxc7 Nxc7 30. Bxc7 Rxc7 31. Rxb5 a6 32. Ra5 Rc6 33. Bf1 Bf6 34.
Bxa6 Rc7 35. Bb5 Kf7 36. c6 Ke6 37. Kf1 Kd6 38. Ra8 Ke6 39. Ke2 Kf7 40. Kd2 Be7
41. Kc3 Bd6 42. Kb3 Re7 43. Ka4 Bc7 1/2-1/2

[Event "Sparkassen-Open B"]
[Site "Heusenstamm, Martinsee"]
[Date "2018.11.22"]
[Round "1.12"]
[White "Kuran, Rainer"]
[Black "John, Volkmar"]
[Result "0-1"]
[WhiteElo "1469"]
[BlackElo "1737"]
[PlyCount "120"]
[EventDate "2018.??.??"]
[WhiteTeam "Karlsruher SF"]
[BlackTeam "SK Herborn"]

1. e4 c6 2. d4 d5 3. e5 Bf5 4. Nf3 h6 5. Bd3 Bxd3 6. Qxd3 e6 7. Be3 Qb6 8. Nc3
c5 9. dxc5 Bxc5 10. Bxc5 Qxc5 11. Nd4 Qc7 12. f4 a6 13. O-O-O Ne7 14. Kb1 Nbc6
15. Nce2 Nxd4 16. Nxd4 Nc6 17. h4 Rc8 18. Rc1 Ke7 19. h5 Nxd4 20. Qxd4 Qc5 21.
c3 Qxd4 22. cxd4 Kd7 23. Rh3 Rxc1+ 24. Kxc1 Rc8+ 25. Kd2 Rc4 26. Kd3 Ke7 27. g4
Rc1 28. Rg3 Rb1 29. Rg2 Rf1 30. Ke3 Kd7 31. g5 Rh1 32. gxh6 gxh6 33. Rg7 Ke7
34. Rg8 Rxh5 35. Rb8 b5 36. Rb7+ Kf8 37. Rb6 Rh2 38. Rxa6 Rxb2 39. Rb6 Kg7 40.
a4 b4 41. a5 Ra2 42. Rxb4 Rxa5 43. Rb1 Ra3+ 44. Ke2 Kg6 45. Rg1+ Kf5 46. Rh1
Kxf4 47. Rxh6 Rg3 48. Rf6+ Ke4 49. Rxf7 Kxd4 50. Ra7 Kxe5 51. Ra5 Ke4 52. Ra4+
d4 53. Rb4 Rg2+ 54. Kf1 Ra2 55. Rb1 e5 56. Re1+ Kf3 57. Rd1 e4 58. Ke1 e3 59.
Rxd4 Ra1+ 60. Rd1 Rxd1+ 0-1

[Event "Sparkassen-Open B"]
[Site "Heusenstamm, Martinsee"]
[Date "2018.11.22"]
[Round "1.13"]
[White "Hegel, Jonas"]
[Black "Boder, Jörg"]
[Result "1/2-1/2"]
[WhiteElo "1741"]
[BlackElo "1466"]
[PlyCount "62"]
[EventDate "2018.??.??"]
[WhiteTeam "SC Peiting"]
[BlackTeam "SG Mörsdorf-Lahr"]

1. e4 c5 2. Nc3 g6 3. f4 Bg7 4. Nf3 d6 5. Bc4 e6 6. O-O Ne7 7. d3 O-O 8. Qe1 a6
9. a4 Nbc6 10. Qh4 Nd4 11. Nxd4 Bxd4+ 12. Kh1 Nc6 13. Qg3 Bg7 14. Ne2 d5 15.
Bb3 dxe4 16. dxe4 Nd4 17. Qd3 b6 18. Be3 Nxe2 19. Qxe2 Bxb2 20. Rad1 Qc7 21. e5
b5 22. Rd6 Ba3 23. axb5 axb5 24. Qxb5 Rb8 25. Qc6 Qxc6 26. Rxc6 Rd8 27. Bxc5
Bxc5 28. Rxc5 Bb7 29. Kg1 Rd2 30. Rf2 Rd1+ 31. Rf1 Rd2 1/2-1/2

[Event "Sparkassen-Open B"]
[Site "Heusenstamm, Martinsee"]
[Date "2018.11.22"]
[Round "1.14"]
[White "Giebitz, Walter"]
[Black "Björknes, Uwe"]
[Result "0-1"]
[WhiteElo "1464"]
[BlackElo "1740"]
[PlyCount "88"]
[EventDate "2018.??.??"]
[WhiteTeam "SC Steinbach"]
[BlackTeam "SK Bad Homburg"]

1. e4 d5 2. exd5 Nf6 3. Nc3 Nxd5 4. Nxd5 Qxd5 5. Qf3 Qa5 6. Bc4 e6 7. Ne2 Nc6
8. a3 Ne5 9. Qb3 c6 10. O-O Bd6 11. Nc3 Nxc4 12. Qxc4 Qh5 13. h3 Qe5 14. f4 Qf5
15. d3 O-O 16. Ne4 Bc7 17. Be3 Bd7 18. Qc5 Bb6 19. Qxf5 Bxe3+ 20. Kh2 exf5 21.
Nd6 Be6 22. Rae1 Bd4 23. c3 Bf6 24. d4 Rad8 25. Nxb7 Rb8 26. Nc5 Rfe8 27. b4 a5
28. Re3 axb4 29. axb4 Be7 30. Nxe6 Bd6 31. Rfe1 fxe6 32. Kg3 g5 33. Rxe6 Bxf4+
34. Kf3 Kf7 35. Rxe8 Rxe8 36. Rxe8 Kxe8 37. g4 Bd2 38. d5 cxd5 39. b5 Bxc3 40.
gxf5 h5 41. b6 Kf7 42. h4 g4+ 43. Kf4 Ba5 44. b7 Bc7+ 0-1

[Event "Sparkassen-Open B"]
[Site "Heusenstamm, Martinsee"]
[Date "2018.11.22"]
[Round "1.15"]
[White "Haas, Vanessa"]
[Black "Eckhoff, Mathias"]
[Result "1/2-1/2"]
[WhiteElo "1737"]
[BlackElo "1463"]
[PlyCount "40"]
[EventDate "2018.??.??"]
[WhiteTeam "SC FK Babenhausen"]
[BlackTeam "SK Hungen"]

1. e4 e6 2. d4 d5 3. exd5 exd5 4. Bd3 Bd6 5. Be3 Nc6 6. c3 Nge7 7. Qc2 g6 8.
Bg5 Be6 9. Nf3 Qd7 10. Nbd2 O-O-O 11. Nb3 Rde8 12. Bf6 Rhg8 13. Ne5 Bxe5 14.
dxe5 Bf5 15. Nc5 Bxd3 16. Qxd3 Qf5 17. Qb5 b6 18. e6 Qxf6 19. Qa6+ Kd8 20. Nb7+
Kc8 1/2-1/2

[Event "Sparkassen-Open B"]
[Site "Heusenstamm, Martinsee"]
[Date "2018.11.22"]
[Round "1.16"]
[White "Goetz, Fenja"]
[Black "Miranda Martin, Pablo Mateo"]
[Result "1/2-1/2"]
[WhiteElo "1343"]
[BlackElo "1736"]
[PlyCount "125"]
[EventDate "2018.??.??"]
[WhiteTeam "SK Bad Homburg"]
[BlackTeam "SV Walldorf"]

1. e4 c6 2. d4 d5 3. Nc3 dxe4 4. Nxe4 Bf5 5. Ng3 Bg6 6. Nf3 Nf6 7. Bc4 Nbd7 8.
O-O e6 9. Bg5 Bd6 10. Re1 O-O 11. Bb3 Bxg3 12. hxg3 h6 13. Bf4 Re8 14. Qd2 Kh7
15. c4 Nh5 16. Bd6 Nb6 17. Bb4 Nc8 18. Ne5 a5 19. Bc3 Ne7 20. a4 Nf6 21. Nxg6
Nxg6 22. Bc2 Qb6 23. Re5 Red8 24. Rd1 Qc7 25. Rxa5 Rac8 26. Re5 Nd7 27. Bxg6+
fxg6 28. Rxe6 Nc5 29. Re2 Nxa4 30. Rde1 Rd7 31. b3 Nxc3 32. Qxc3 Rf8 33. Rd2
Rff7 34. Qb2 Qd8 35. Red1 Qf6 36. d5 Qxb2 37. Rxb2 cxd5 38. cxd5 g5 39. d6 Kg6
40. Re2 Rf6 41. Re7 Rdxd6 42. Rxd6 Rxd6 43. Rxb7 Rd1+ 44. Kh2 Rb1 45. g4 h5 46.
gxh5+ Kxh5 47. Kg3 g4 48. Kf4 Rb2 49. Ke3 g3 50. fxg3 Rxg2 51. Kf3 Rb2 52. Kf4
Rf2+ 53. Ke3 Rb2 54. Kf3 g6 55. g4+ Kg5 56. Rb5+ Kh6 57. Ke4 Rg2 58. g5+ Rxg5
59. Rxg5 Kxg5 60. b4 Kf6 61. Kd5 Ke7 62. Kc6 Kd8 63. Kd5 1/2-1/2

[Event "Sparkassen-Open B"]
[Site "Heusenstamm, Martinsee"]
[Date "2018.11.22"]
[Round "1.17"]
[White "Michels, Fabio"]
[Black "Schneider, Ferdinand"]
[Result "1-0"]
[WhiteElo "1727"]
[BlackElo "1449"]
[PlyCount "39"]
[EventDate "2018.??.??"]
[WhiteTeam "SG Mörsdorf-Lahr"]
[BlackTeam "Elberfelder SG"]

1. c4 e5 2. g3 Nf6 3. Bg2 Bc5 4. Nc3 O-O 5. e3 a6 6. Nge2 d6 7. O-O Be6 8. d4
exd4 9. exd4 Ba7 10. Bxb7 Bh3 11. Bxa8 Bxf1 12. Qxf1 c6 13. d5 c5 14. Bg5 Qe7
15. Re1 Nbd7 16. Bc6 Nb6 17. Nf4 Qd8 18. Nh5 h6 19. Nxf6+ gxf6 20. Bxh6 1-0

[Event "Sparkassen-Open B"]
[Site "Heusenstamm, Martinsee"]
[Date "2018.11.22"]
[Round "1.18"]
[White "Brunner, Andreas"]
[Black "König, Frank"]
[Result "0-1"]
[WhiteElo "1437"]
[BlackElo "1719"]
[PlyCount "86"]
[EventDate "2018.??.??"]
[WhiteTeam "Berkershm"]
[BlackTeam "SV Steinhausen"]

1. d4 d6 2. c4 e5 3. dxe5 dxe5 4. Qxd8+ Kxd8 5. Nc3 Be6 6. b3 c6 7. Nf3 f6 8.
Be3 Bb4 9. O-O-O+ Kc7 10. Kb2 Ne7 11. a3 Bxc3+ 12. Kxc3 Nf5 13. Bc1 Nd7 14. g4
Nd6 15. Nd2 Nc5 16. f3 Rad8 17. Bg2 Rhe8 18. e4 Rd7 19. b4 Na4+ 20. Kc2 Red8
21. f4 exf4 22. c5 Nb5 23. Nf3 g5 24. Rxd7+ Rxd7 25. Rd1 Rxd1 26. Kxd1 Nac3+
27. Ke1 Bxg4 28. h3 Bh5 29. e5 Bxf3 30. Bxf3 fxe5 31. Bg4 Nd5 32. Bf5 Nf6 33.
Bb2 Nd4 34. Bb1 h5 35. Kf2 g4 36. hxg4 hxg4 37. Kg2 Kd7 38. Ba2 Nd5 39. Kf2 g3+
40. Kg1 Ne3 41. Bb1 f3 42. Bd3 f2+ 43. Kh1 g2+ 0-1

[Event "Sparkassen-Open B"]
[Site "Heusenstamm, Martinsee"]
[Date "2018.11.22"]
[Round "1.19"]
[White "Chambers, Dominik Keith"]
[Black "Weyerer, Noah"]
[Result "1-0"]
[WhiteElo "1715"]
[BlackElo "1318"]
[PlyCount "127"]
[EventDate "2018.??.??"]
[WhiteTeam "SC Lorsch"]
[BlackTeam "SV Oberursel"]

1. Nf3 d6 2. g3 Nf6 3. Bg2 e5 4. d3 Be7 5. O-O O-O 6. Nbd2 c6 7. e4 Re8 8. Nc4
Be6 9. Ne3 Qc7 10. c4 a5 11. Bd2 Na6 12. Qc2 c5 13. a3 Ng4 14. Nd5 Bxd5 15.
exd5 Nf6 16. Bh3 Qb6 17. Ng5 h6 18. Ne4 Nxe4 19. dxe4 Nc7 20. Rab1 Qa6 21. Qd3
b5 22. b3 bxc4 23. bxc4 Rab8 24. Bd7 Red8 25. Rxb8 Rxb8 26. Bb5 Nxb5 27. Rb1
Qa7 28. Rxb5 Rxb5 29. cxb5 Qc7 30. Qc4 Qb6 31. a4 Bg5 32. f4 exf4 33. Bxf4 Bxf4
34. gxf4 Qd8 35. Qc3 Qh4 36. Qg3 Qf6 37. e5 dxe5 38. fxe5 Qf5 39. d6 Qb1+ 40.
Kg2 Qc2+ 41. Qf2 Qe4+ 42. Qf3 Qg6+ 43. Kf2 Qc2+ 44. Qe2 Qf5+ 45. Ke1 Qb1+ 46.
Qd1 Qe4+ 47. Kd2 Qxe5 48. d7 Qxh2+ 49. Kc3 Qg3+ 50. Qd3 Qe5+ 51. Kc4 Qe6+ 52.
Kxc5 Qe5+ 53. Kc6 Qf6+ 54. Kc7 Qe5+ 55. Qd6 Qc3+ 56. Kb6 Qe3+ 57. Ka6 Kh7 58.
d8=Q f6 59. Qd3+ Qxd3 60. Qxd3+ g6 61. Qd7+ Kg8 62. b6 f5 63. b7 f4 64. b8=R#
1-0

[Event "Sparkassen-Open B"]
[Site "Heusenstamm, Martinsee"]
[Date "2018.11.22"]
[Round "1.20"]
[White "Jansen, Nora"]
[Black "Floren, Dieter"]
[Result "0-1"]
[WhiteElo "1433"]
[BlackElo "1715"]
[PlyCount "62"]
[EventDate "2018.??.??"]
[WhiteTeam "SVG Plettenberg"]
[BlackTeam "Hamburger SK"]

1. c4 Nf6 2. g3 e5 3. Bg2 c6 4. Nc3 d5 5. d3 Be6 6. Nf3 Qa5 7. Nd2 Qc7 8. a3 a5
9. O-O Bc5 10. cxd5 cxd5 11. Nb3 Be7 12. Bd2 a4 13. Nc1 Qd7 14. N1a2 d4 15. Ne4
Nxe4 16. Bxe4 Nc6 17. f4 g6 18. Bxc6 bxc6 19. fxe5 c5 20. Rf2 Rb8 21. Qc1 O-O
22. Bf4 Rb7 23. Qd2 Rfb8 24. e3 g5 25. exd4 Rxb2 26. Qxb2 Rxb2 27. Rxb2 gxf4
28. Rab1 Qxd4+ 29. Kf1 Qxd3+ 30. Kg1 Qe3+ 31. Kf1 Bh3+ 0-1

[Event "Sparkassen-Open B"]
[Site "Heusenstamm, Martinsee"]
[Date "2018.11.22"]
[Round "1.21"]
[White "Zerhusen, Martin"]
[Black "Pessotschinski, Eduard"]
[Result "1-0"]
[WhiteElo "1711"]
[BlackElo "1428"]
[PlyCount "99"]
[EventDate "2018.??.??"]
[WhiteTeam "SV Oberursel"]
[BlackTeam "TuS Makkabi"]

1. d4 Nf6 2. c4 g6 3. Nc3 Bg7 4. e4 d6 5. Bd3 O-O 6. Nge2 Nc6 7. f3 Re8 8. a3
e5 9. d5 Nd4 10. Nxd4 exd4 11. Ne2 Nd7 12. O-O c5 13. Bf4 Ne5 14. Qd2 Qf6 15.
Bg5 Nxc4 16. Bxc4 Qe5 17. Bd3 Bh8 18. Ng3 f6 19. Bf4 Qe7 20. Qc2 Bg7 21. Rab1
b6 22. Bb5 Bd7 23. Qa4 Bxb5 24. Qxb5 h5 25. Qd3 h4 26. Nh1 Qd7 27. Nf2 g5 28.
Bd2 Rf8 29. g3 Kf7 30. Kg2 Rh8 31. g4 Qe7 32. Qe2 Qe5 33. Nd3 Qe7 34. b3 Kg6
35. Qf2 a5 36. a4 Rae8 37. Rbe1 Ref8 38. Qe2 Re8 39. Rf2 Rhf8 40. f4 Rf7 41.
fxg5 fxg5 42. Rf5 Ref8 43. Rxg5+ Qxg5 44. Bxg5 Kxg5 45. h3 Rb7 46. Qd2+ Kg6 47.
Nf4+ Kf7 48. Ne6 Rg8 49. Rf1+ Ke7 50. Qg5+ 1-0

[Event "Sparkassen-Open B"]
[Site "Heusenstamm, Martinsee"]
[Date "2018.11.22"]
[Round "1.22"]
[White "Sallwey, Rainer"]
[Black "Wirtjes, Edzard"]
[Result "0-1"]
[WhiteElo "1412"]
[BlackElo "1705"]
[PlyCount "96"]
[EventDate "2018.??.??"]
[WhiteTeam "SK Langen"]
[BlackTeam "VfR Heisfelde"]

1. d4 c5 2. d5 d6 3. Bf4 Nf6 4. e3 g6 5. c3 Bg7 6. h3 O-O 7. Nf3 Qb6 8. b3 Ne4
9. Qc2 Nf6 10. Bd3 Nxd5 11. Bg3 Nb4 12. Qd2 Nxd3+ 13. Qxd3 Bd7 14. Nfd2 Na6 15.
O-O Nb4 16. Qe4 Bf5 17. Qxe7 Nc2 18. Nc4 Qd8 19. Qxd6 Nxa1 20. Qxc5 b6 21. Qa3
Bxb1 22. Rxb1 Bxc3 23. Qc1 Qf6 24. e4 b5 25. Ne3 Qd4 26. Nd5 Rac8 27. Ne7+ Kg7
28. Nxc8 Rxc8 29. e5 Rc5 30. Qg5 Bd2 31. Qf6+ Kg8 32. Qe7 Rc1+ 33. Rxc1 Bxc1
34. Bh4 g5 35. Bxg5 Bxg5 36. Qxg5+ Kf8 37. Qh6+ Ke8 38. Qc6+ Qd7 39. Qf6 Qe6
40. Qh8+ Ke7 41. Qxh7 Qxe5 42. h4 Qe1+ 43. Kh2 Qxf2 44. h5 Nc2 45. h6 Ne3 46.
Qe4+ Kf6 47. h7 Nf1+ 48. Kh3 Qg3# 0-1

[Event "Sparkassen-Open B"]
[Site "Heusenstamm, Martinsee"]
[Date "2018.11.22"]
[Round "1.23"]
[White "Edenhäuser, Hermann"]
[Black "Peschk, Kathrin"]
[Result "1/2-1/2"]
[WhiteElo "1701"]
[BlackElo "1357"]
[PlyCount "67"]
[EventDate "2018.??.??"]
[WhiteTeam "SC Heusenstamm"]
[BlackTeam "SV Groß-Gerau"]

1. e4 e5 2. Nf3 Nf6 3. Nxe5 d6 4. Nf3 Nxe4 5. d4 Bg4 6. Bd3 d5 7. c4 Bb4+ 8.
Bd2 Bxd2+ 9. Nbxd2 Nxd2 10. Qxd2 c6 11. Qe3+ Qe7 12. Qxe7+ Kxe7 13. Ne5 Be6 14.
c5 Nd7 15. Nxd7 Kxd7 16. O-O Rac8 17. Rab1 b6 18. b4 Rb8 19. a4 bxc5 20. bxc5
a5 21. f4 f5 22. Kf2 g6 23. h3 Rb4 24. Rxb4 axb4 25. Rb1 Rb8 26. Ke2 b3 27. a5
Rb4 28. Ke3 Kc7 29. Ba6 Kb8 30. Kd3 Ka7 31. Kc3 Ra4 32. Bd3 Rxa5 33. Rxb3 Bc8
34. Rb6 1/2-1/2

[Event "Sparkassen-Open B"]
[Site "Heusenstamm, Martinsee"]
[Date "2018.11.22"]
[Round "1.24"]
[White "Aravindan, Midhulan"]
[Black "Leichum, Engelbert"]
[Result "1-0"]
[WhiteElo "1407"]
[BlackElo "1700"]
[PlyCount "75"]
[EventDate "2018.??.??"]
[WhiteTeam "SV Hofheim"]
[BlackTeam "vereinslos"]

1. e4 d5 2. exd5 Nf6 3. Bc4 Nxd5 4. Nf3 Nc6 5. O-O e5 6. Re1 Bc5 7. d4 Bb6 8.
dxe5 Be6 9. Bg5 Nce7 10. Bxe7 Nxe7 11. Bxe6 fxe6 12. Nc3 O-O 13. a3 Qe8 14. Qe2
a6 15. Qc4 Qg6 16. Qe4 Qh6 17. Qh4 Qxh4 18. Nxh4 Bxf2+ 19. Kh1 Bxh4 20. g3 Bg5
21. Ne4 Bh6 22. g4 Bf4 23. Nc5 Nd5 24. c4 Ne3 25. Nxe6 Nc2 26. Nxf8 Nxa1 27.
Ne6 Nc2 28. Re2 Nxa3 29. bxa3 Bc1 30. a4 c6 31. Nd4 Kf7 32. e6+ Kg6 33. c5 Bg5
34. e7 Re8 35. Nf5 Bf6 36. Kg2 Kg5 37. Kf3 g6 38. h4# 1-0

[Event "Sparkassen-Open B"]
[Site "Heusenstamm, Martinsee"]
[Date "2018.11.22"]
[Round "1.25"]
[White "Haftmann, Rainer"]
[Black "Al-Butmeh, Firas"]
[Result "1-0"]
[WhiteElo "1693"]
[BlackElo "1401"]
[PlyCount "63"]
[EventDate "2018.??.??"]
[WhiteTeam "SG Dietzenbach"]
[BlackTeam "SV Lahn Limburg"]

1. e4 c5 2. Nf3 g6 3. d4 cxd4 4. Nxd4 Bg7 5. Nc3 Nc6 6. Be3 a6 7. Qd2 e6 8. Bc4
Nge7 9. Bb3 O-O 10. h4 Na5 11. h5 Nxb3 12. axb3 d5 13. hxg6 fxg6 14. Bh6 Rf7
15. Bxg7 Rxg7 16. O-O-O Rf7 17. f3 e5 18. Nde2 d4 19. Ng3 Qa5 20. Nb1 Qc7 21.
Na3 Be6 22. Qd3 Rc8 23. Kb1 Nc6 24. Qd2 Rd7 25. Qg5 Nb4 26. Rc1 Qd6 27. Nh5 Rf7
28. Nf6+ Kh8 29. Qxg6 Qe7 30. Nxh7 Rxh7 31. Rxh7+ Qxh7 32. Qxe6 1-0

[Event "Sparkassen-Open B"]
[Site "Heusenstamm, Martinsee"]
[Date "2018.11.22"]
[Round "1.26"]
[White "Zimmer, Holger"]
[Black "Werner, Tom"]
[Result "1/2-1/2"]
[WhiteElo "1394"]
[BlackElo "1693"]
[PlyCount "79"]
[EventDate "2018.??.??"]
[WhiteTeam "SF Heidesheim"]
[BlackTeam "VSG Offenbach"]

1. d4 e6 2. Bf4 d5 3. Nf3 Nf6 4. c3 Bd6 5. Bg3 Nbd7 6. e3 O-O 7. Bd3 Qe7 8.
Nbd2 c5 9. Ne5 a6 10. O-O Nb8 11. Bh4 b6 12. Qf3 Nbd7 13. Nxd7 Bxd7 14. Bxf6
Qxf6 15. Qxf6 gxf6 16. f4 f5 17. Rf3 Kh8 18. Rh3 Rg8 19. Nf3 f6 20. Be2 Bb5 21.
Bf1 Rg7 22. a4 Bxf1 23. Rxf1 c4 24. Rh6 Rg6 25. Rxg6 hxg6 26. g3 Rb8 27. Kg2 b5
28. axb5 Rxb5 29. Rb1 a5 30. Nd2 Kg7 31. Kf2 Kf7 32. Ke2 Ke7 33. Kd1 Kd7 34.
Kc2 Kc6 35. b3 cxb3+ 36. Rxb3 a4 37. Rxb5 Kxb5 38. Kb2 g5 39. h4 gxh4 40. gxh4
1/2-1/2